Statistics for California Pro Sport Teams

Click here to take the quiz!

General Stats

  • This quiz has been taken 34 times
  • The average score is 15 of 16

Answer Stats

Answer% Correct
Los Angeles Dodgers
100%
Los Angeles Kings
100%
Los Angeles Lakers
100%
Los Angeles Rams
100%
Sacramento Kings
100%
San Francisco 49ers
100%
Golden State Warriors
97%
Los Angeles Chargers
97%
Oakland Raiders
97%
San Francisco Giants
97%
Los Angeles Angels
93%
Los Angeles Clippers
93%
Oakland Athletics
93%
Anaheim Ducks
90%
San Diego Padres
90%
San Jose Sharks
83%

Score Distribution

Percentile by Number Answered

Percent of People with Each Score

Your Score History

You have not taken this quiz